000 01110cam a2200205 4500
001 WB3925-10
008 030702n2003 000 0 eng u
035 _a(Sirsi) u122852
245 _aTelegraph wins rent dispute
260 _c2003
490 _aEstates Gazette
_v(0326) 28 June 2003, 33(1)
520 _aA High Court decision has ruled in favour of tenants the Telegraph newspaper group in a rent review dispute with Canary Wharf. "Canary Wharf Investments (Three) v Telegraph Group Ltd" (QBD, 25 June 2003) concerned the terms of a 'hypothetical lease' to be used for calculating the latest rent review. The judge backed the Telegraph's argument that the hypothetical lease should run 25 years from the relevant rent review date. Canary Wharf claims the ruling will not affect its other leases up for review and has vowed to appeal against the decision.
590 _aWB
650 _aRENT REVIEWS
650 _aHYPOTHETICAL LEASES
650 _aCOMMERCIAL LEASES
650 _aCANARY WHARF INVESTMENTS (THREE) V TELEGRAPH GROUP LTD
690 _aLANDLORD AND TENANT-RENT REVIEWS
942 _n0
999 _c72977
_d72977